000 01448cam a22003014i 4500
001 18741283
003 GBCCL
005 20250509131057.0
008 150812s2015 ilu b 000 0 eng
020 _a9788179928264
020 _a9780802412706
040 _aDLC
_beng
_cDLC
_erda
_dDLC
082 0 0 _a306.81
_223
_bCHA 1
100 1 _aChapman, Gary D.,
_d1938-
245 1 4 _aThe 5 love languages :
_bthe secret to love that lasts /
_cGary Chapman.
264 1 _aAhmedabad :
_bJaico Publishing house,
_c2023
300 _a203 pages ;
_c23 cm
336 _atext
_btxt
_2rdacontent
337 _aunmediated
_bn
_2rdamedia
338 _avolume
_bnc
_2rdacarrier
500 _aContents: 2 titles were changed.
504 _aIncludes bibliographical references (page 205).
505 0 _aWhat happens to love after the wedding? -- Keeping the love tank full -- Falling in love -- Love language #1: words of affirmation -- Love language #2: quality time -- Love language #3: receiving gifts -- Love language #4: acts of service -- Love language #5: physical touch -- Discovering your primary love language -- Love is a choice -- Love makes the difference -- Loving the unlovely -- A personal word -- Frequently asked questions -- The five love languages profile for couples--for him -- The five love languages profile for couples--for her.
650 0 _aMarriage.
650 0 _aCommunication in marriage.
650 0 _aLove.
942 _2ddc
_cBK
_n0
999 _c10674
_d10674